02042nam a2200241 a 450000100100000000500170001000800410002704000250006804100390009308200180013224000540015024501230020426000380032730000210036549000230038650400420040950511680045153400640161965000490168370000170173270000260174983000250177500000311320200929150331.0710329s1971 ag 001 0 spa  aDO-SdBNPbspacBNPHU17aspaheng2Código de idiomas MARC a810.54aL438c00aCriticism some major American writers.lEspañol00aCrítica sobre los mejores escritores Norteamericanos /cselección de Lewis Leary; traducción de Floreal Mazía. aBuenos Aires :bAsociados,c1971. a436 p. ;c20 cm.1 aDorada Dvno. 1200 aIncluye notas al pie de las páginas0 aAn introduction: somewhat personal, by L. Leary.--Introduction to Poe, by R. Wilbur.--The unconquered eye and the enchanted circle, by T. Tanner.--Thoreau, by F. O. Matthiessen.--Hawthorne's fiction: the light and the dark, by R. H. Fogle.--Moby-Dick: work of art, by W. E. Bezanson.--Walt Whitman: he had his nerve, by R. Jarrell.--Seeing New Englandly: from Edwards to Emerson to Dickinson, by A. J. Gelpi.--Henry James and the morality of fiction, by R. J. Reilly.--Southwestern vernacular, by J. M. Cox.--William Dean Howells and the roots of modern taste, by L. Trilling.--Outstripping the event, by L. Ziff.--Theodore Dreiser: his education and ours, by A. Kazin.--T. S. Eliot's magic, lantern, by L. Unger.--Robert Frost's theory of poetry, by L. Thompson.--The function of nostalgia, by W. Morris.--The hero and the code, by P. Young.--Introduction to ... Faulkner, by M. Cowley.--The greatest living author, by K. Shapiro.--Richard Wright's blues, by R. Ellison.--Ralph Ellison and the American comic tradition, by E. H. Rovit.--Saul Bellow, by L. A. Fiedler.--The Black boy looks at the White boy, by J. Baldwin.--Black boys and native sons, by I. Howe. aTítulo original :tCriticism some major American writers. 4aLiteratura américanaxHistoria y crítica1 aLeary, Lewis1 aMazía, Florealetr. 0aDorada D ;vno. 1200